Fundamentos de neurología clínica / (Record no. 103807)

MARC details
000 -LEADER
campo de control de longitud fija 00717nam a2200193 i 4500
001 - NÚMERO DE CONTROL
campo de control 103807
003 - IDENTIFICADOR DE NÚMERO DE CONTROL
campo de control ES-MaACL
005 - FECHA Y HORA DE LA ÚLTIMA TRANSACCIÓN
campo de control 20231227192103.0
007 - CAMPO FIJO DE DESCRIPCIÓN FÍSICA--INFORMACIÓN GENERAL
campo de control de longitud fija t|
008 - DATOS DE LONGITUD FIJA--INFORMACIÓN GENERAL
campo de control de longitud fija 051118s1949 sp ||||1| spa d
100 1# - ENTRADA PRINCIPAL--NOMBRE DE PERSONA
Nombre de persona Merritt, H. Houston.
9 (RLIN) 80604
245 10 - MENCIÓN DEL TÍTULO
Título Fundamentos de neurología clínica /
Mención de responsabilidad, etc. por H. Houston Merrit... Fred A. Mettler... y Tracy Jackson Putnam...; traducción del inglés por el Dr. Francisco Grande Covián...
260 ## - PUBLICACIÓN, DISTRIBUCIÓN, ETC.
Lugar de publicación, distribución, etc. Madrid :
Nombre del editor, distribuidor, etc. Espasa-Calpe,
Fecha de publicación, distribución, etc. 1949.
300 ## - DESCRIPCIÓN FÍSICA
Extensión XII, 326 p. con 1 graf. :
Otras características físicas il. ;
Dimensiones 25 cm.
700 1# - ENTRADA AGREGADA--NOMBRE PERSONAL
Nombre de persona Putnam, Tracy Jackson.
9 (RLIN) 94435
700 1# - ENTRADA AGREGADA--NOMBRE PERSONAL
Nombre de persona Grande Covián, Francisco,
Fechas asociadas al nombre 1909-1995
9 (RLIN) 59588
852 ## - LOCALIZACIÓN
Ubicación ES-MaACL
Número de control de estantería D-7196
Sublocalización o colección R.27094
Holdings
Estatus retirado Estado de pérdida Estado de daño No para préstamo Biblioteca de origen Biblioteca actual Ubicación en estantería Fecha de adquisición Fuente de adquisición Total de préstamos Signatura topográfica completa Código de barras Visto por última vez Precio de reemplazo Tipo de ítem Koha
        Biblioteca del Ateneo de Madrid Biblioteca del Ateneo de Madrid Sala Valle Inclán 17/01/2008     D-7196 901108379 23/02/2023 23/02/2023 Libro impreso